000 00271nam a22001337a 4500
003 SGT
082 _a370
_bABD
100 _aDUTTA, USHA
245 _aALL FOR THE BEST
260 _aNEW DELHI
_bGLOBAL PUB
_c2013
300 _a136
650 _aEDUCATION
942 _2ddc
_cBK
999 _c11676
_d11676